<?xml version="1.0" encoding="UTF-8"?>
<record
    xmlns:xsi="http://www.w3.org/2001/XMLSchema-instance"
    xsi:schemaLocation="http://www.loc.gov/MARC21/slim http://www.loc.gov/standards/marcxml/schema/MARC21slim.xsd"
    xmlns="http://www.loc.gov/MARC21/slim">

  <leader>00477    a2200169   4500</leader>
  <controlfield tag="003">OSt</controlfield>
  <controlfield tag="005">20231028133305.0</controlfield>
  <controlfield tag="008">231028b        |||||||| |||| 00| 0 eng d</controlfield>
  <datafield tag="020" ind1=" " ind2=" ">
    <subfield code="a">9789354824401</subfield>
  </datafield>
  <datafield tag="040" ind1=" " ind2=" ">
    <subfield code="c">oclc</subfield>
  </datafield>
  <datafield tag="082" ind1=" " ind2=" ">
    <subfield code="a">894.8123</subfield>
    <subfield code="b">SHI/O</subfield>
  </datafield>
  <datafield tag="100" ind1=" " ind2=" ">
    <subfield code="a">Shivaprasad, P</subfield>
    <subfield code="9">9791</subfield>
  </datafield>
  <datafield tag="245" ind1=" " ind2=" ">
    <subfield code="a"> ORMACHAVU /</subfield>
    <subfield code="c">Shivaprasad P</subfield>
  </datafield>
  <datafield tag="260" ind1=" " ind2=" ">
    <subfield code="a">Kottayam:</subfield>
    <subfield code="b">D C Books,</subfield>
    <subfield code="c">2022.</subfield>
  </datafield>
  <datafield tag="300" ind1=" " ind2=" ">
    <subfield code="a">184 p,</subfield>
    <subfield code="c">21 cm</subfield>
  </datafield>
  <datafield tag="942" ind1=" " ind2=" ">
    <subfield code="2">ddc</subfield>
    <subfield code="c">BK</subfield>
    <subfield code="h">894.8123</subfield>
    <subfield code="i">SHI/O</subfield>
    <subfield code="k">894.8123</subfield>
    <subfield code="m">SHI/O</subfield>
  </datafield>
  <datafield tag="952" ind1=" " ind2=" ">
    <subfield code="0">0</subfield>
    <subfield code="1">0</subfield>
    <subfield code="2">ddc</subfield>
    <subfield code="4">0</subfield>
    <subfield code="7">0</subfield>
    <subfield code="8">FIC</subfield>
    <subfield code="a">MES</subfield>
    <subfield code="b">MES</subfield>
    <subfield code="c">MAL</subfield>
    <subfield code="d">2023-10-28</subfield>
    <subfield code="l">1</subfield>
    <subfield code="o">894.8123 SHI/O</subfield>
    <subfield code="p">43017</subfield>
    <subfield code="r">2024-09-27 14:23:44</subfield>
    <subfield code="s">2024-09-23</subfield>
    <subfield code="v">230.00</subfield>
    <subfield code="w">2023-10-28</subfield>
    <subfield code="y">BK</subfield>
    <subfield code="z">GR28R3</subfield>
  </datafield>
  <datafield tag="999" ind1=" " ind2=" ">
    <subfield code="c">42907</subfield>
    <subfield code="d">42907</subfield>
  </datafield>
</record>
